[Event "RUS-chT 10th Group1"]
[Site "Togliatti"]
[Date "2003.05.21"]
[Round "6"]
[White "Ulybin, Mikhail"]
[Black "Kolotilin, Yuri"]
[Result "1-0"]
[WhiteElo "2562"]
[BlackElo "2332"]
[PlyCount "107"]
[EventDate "2003.05.16"]
[EventType "team-tourn"]
[EventRounds "6"]
[EventCountry "RUS"]
[SourceTitle "EXT 2020"]
[Source "ChessBase"]
[SourceDate "2019.10.17"]
[SourceVersion "1"]
[SourceVersionDate "2019.10.17"]
[SourceQuality "1"]
[WhiteTeam "Sverdlovsk Ural region"]
[BlackTeam "Chita Zabaikalets"]
[WhiteTeamCountry "RUS"]
[BlackTeamCountry "RUS"]

1. d4 f5 2. Nc3 Nf6 3. Bg5 d5 4. Bxf6 exf6 5. e3 Be6 6. Qf3 g6 7. Nge2 c6 8. Nf4 Bf7 9. 0-0-0 Bd6 10. h3 Nd7 11. g4 fxg4 12. hxg4 Qe7 13. Kb1 0-0-0 14. Rh6 Kb8 15. Bd3 Nf8 16. Rdh1 Bc7 17. Nce2 Rg8 18. Ng3 Rg7 19. Nfh5 gxh5 20. Nf5 hxg4 21. Qe2 Qd7 22. Nxg7 Bg6 23. Nh5 f5 24. f3 gxf3 25. Qxf3 Qe7 26. Ng3 Re8 27. Nxf5 Qg5 28. R6h3 Ne6 29. Nh6 Rf8 30. Qe2 Re8 31. Qg4 Qf6 32. Rf1 Qg7 33. Bxg6 hxg6 34. Rf7 Qh8 35. a3 g5 36. Nf5 Qg8 37. Rhh7 Qg6 38. Rhg7 Nxg7 39. Rxg7 Qe6 40. Qxg5 Rc8 41. Re7 Qg8 42. Ng7 Qf8 43. Ka2 a5 44. Ne6 Qf1 45. Qg6 Bb6 46. Qh7 Qa6 47. a4 c5 48. dxc5 Bxc5 49. Nxc5 Rxc5 50. b3 Qc6 51. Qh8+ Ka7 52. Qd4 Ka6 53. Kb1 b5 54. Rf7 1-0

[Event "RUS-chT 10th Group1"]
[Site "Togliatti"]
[Date "2003.05.18"]
[Round "3"]
[White "Kolotilin, Yuri"]
[Black "Filippov, Valerij"]
[Result "0-1"]
[WhiteElo "2332"]
[BlackElo "2627"]
[PlyCount "70"]
[EventDate "2003.05.16"]
[EventType "team-tourn"]
[EventRounds "6"]
[EventCountry "RUS"]
[SourceTitle "EXT 2020"]
[Source "ChessBase"]
[SourceDate "2019.10.17"]
[SourceVersion "1"]
[SourceVersionDate "2019.10.17"]
[SourceQuality "1"]
[WhiteTeam "Chita Zabaikalets"]
[BlackTeam "Tomsk 400"]
[WhiteTeamCountry "RUS"]
[BlackTeamCountry "RUS"]

1. e4 c5 2. Nf3 e6 3. d4 cxd4 4. Nxd4 Nf6 5. Nc3 Nc6 6. Ndb5 d6 7. Bf4 e5 8. Bg5 a6 9. Na3 b5 10. Nd5 Be7 11. Bxf6 Bxf6 12. c3 0-0 13. Nc2 Bg5 14. a4 bxa4 15. Rxa4 a5 16. Bc4 Rb8 17. b3 Kh8 18. 0-0 f5 19. exf5 Bxf5 20. Nce3 Bg6 21. Bd3 Bf7 22. Be4 Bg8 23. Nc4 Rb5 24. Na3 Rc5 25. Rc4 Rxc4 26. Nxc4 Nb8 27. Ndb6 Be6 28. Qh5 Bh6 29. Rd1 Nd7 30. Nxd7 Qxd7 31. Rxd6 Qa7 32. Qe2 Bxc4 33. bxc4 a4 34. Qf3 Qb8 35. Rd1 a3 0-1

[Event "RUS-chT 10th Group1"]
[Site "Togliatti"]
[Date "2003.05.17"]
[Round "2"]
[White "Potkin, Vladimir"]
[Black "Kolotilin, Yuri"]
[Result "1-0"]
[WhiteElo "2522"]
[BlackElo "2332"]
[PlyCount "95"]
[EventDate "2003.05.16"]
[EventType "team-tourn"]
[EventRounds "6"]
[EventCountry "RUS"]
[SourceTitle "EXT 2020"]
[Source "ChessBase"]
[SourceDate "2019.10.17"]
[SourceVersion "1"]
[SourceVersionDate "2019.10.17"]
[SourceQuality "1"]
[WhiteTeam "Nizhny Tagil Politekhnik"]
[BlackTeam "Chita Zabaikalets"]
[WhiteTeamCountry "RUS"]
[BlackTeamCountry "RUS"]

1. e4 c5 2. Nf3 Nc6 3. Bb5 g6 4. Bxc6 bxc6 5. 0-0 Bg7 6. c3 e5 7. d4 cxd4 8. cxd4 exd4 9. Nxd4 Ne7 10. Nc3 0-0 11. Re1 d6 12. Bg5 Bd7 13. Qd2 Re8 14. Rad1 Qb6 15. Nb3 Nc8 16. Be3 Qc7 17. Bd4 f6 18. Be3 Be6 19. Nd4 Bf7 20. Bh6 Rb8 21. Bxg7 Kxg7 22. Re3 Ne7 23. Rh3 Ng8 24. Rg3 Kh8 25. b3 Rbd8 26. Rd3 Qb6 27. h3 Kg7 28. Nc2 d5 29. Ne3 Ne7 30. Ng4 Ng8 31. exd5 cxd5 32. Nxd5 Bxd5 33. Rxd5 Rxd5 34. Qxd5 h5 35. Ne3 Qa6 36. a4 Re7 37. Qc5 Qb7 38. Rd8 Nh6 39. Nd5 Rf7 40. b4 Qa6 41. a5 Nf5 42. Nf4 h4 43. Qd5 Qb7 44. b5 Qe7 45. Ne6+ Kh7 46. b6 axb6 47. axb6 Ng7 48. Rd7 1-0

[Event "Pardubice KB op"]
[Site "Pardubice"]
[Date "1999.07.20"]
[Round "5"]
[White "Konopka, Michal"]
[Black "Kolotilin, Yuri"]
[Result "1-0"]
[WhiteElo "2484"]
[BlackElo "2334"]
[PlyCount "121"]
[EventDate "1999.07.11"]
[EventType "swiss"]
[EventRounds "9"]
[EventCountry "CZE"]
[SourceTitle "EXT 2000"]
[Source "ChessBase"]
[SourceDate "1999.11.16"]
[SourceVersion "1"]
[SourceVersionDate "1999.11.16"]
[SourceQuality "1"]

1. Nf3 f5 2. d4 Nf6 3. g3 g6 4. Bg2 Bg7 5. 0-0 0-0 6. b3 Ne4 7. Bb2 c6 8. Nbd2 d5 9. c4 Kh8 10. e3 Qa5 11. Qc2 Be6 12. Rfd1 Nd7 13. a3 Qd8 14. Rac1 Qe8 15. Ne1 g5 16. Nd3 Qh5 17. Nf3 f4 18. exf4 gxf4 19. Nxf4 Rxf4 20. gxf4 Bh6 21. Ng5 Nxg5 22. fxg5 Bxg5 23. Rd3 Bxc1 24. Qxc1 Rg8 25. Rg3 Nf6 26. Qe1 Qf7 27. c5 h5 28. h3 Bf5 29. Qe3 Qe6 30. Qxe6 Bxe6 31. Re3 Bf5 32. Kh2 e6 33. Bc1 Be4 34. f3 Bf5 35. h4 Kg7 36. b4 Kf7 37. Re1 a6 38. Bg5 Nh7 39. Bf4 Nf6 40. Bg5 Nh7 41. Bf4 Nf6 42. Bf1 Bc2 43. Rc1 Ba4 44. Bh3 Nd7 45. Re1 Rg6 46. Bg5 Bc2 47. Kg3 Nf8 48. Kf4 Nd7 49. Ke3 Bf5 50. Bxf5 exf5 51. Kf4 Re6 52. Rxe6 Kxe6 53. Bd8 Nf8 54. Kg5 Kd7 55. Bf6 Ke6 56. Be5 Nd7 57. f4 b6 58. Kxh5 a5 59. Kg5 axb4 60. axb4 bxc5 61. bxc5 1-0

[Event "Pardubice KB op"]
[Site "Pardubice"]
[Date "1999.07.19"]
[Round "4"]
[White "Kolotilin, Yuri"]
[Black "Borgo, Giulio"]
[Result "1-0"]
[WhiteElo "2334"]
[BlackElo "2444"]
[PlyCount "80"]
[EventDate "1999.07.11"]
[EventType "swiss"]
[EventRounds "9"]
[EventCountry "CZE"]
[SourceTitle "EXT 2000"]
[Source "ChessBase"]
[SourceDate "1999.11.16"]
[SourceVersion "1"]
[SourceVersionDate "1999.11.16"]
[SourceQuality "1"]

1. e4 c5 2. Nf3 e6 3. d4 cxd4 4. Nxd4 Nc6 5. Nc3 a6 6. Be3 Qc7 7. Bd3 Nf6 8. 0-0 Nxd4 9. Bxd4 Bc5 10. Bxf6 gxf6 11. Qg4 Kf8 12. Kh1 h5 13. Qh4 Be7 14. f4 b5 15. f5 Qe5 16. Rae1 Bb7 17. a3 Kg7 18. Re3 Rag8 19. Rg3+ Kh6 20. Rf4 Rxg3 21. hxg3 Rg8 22. Nd1 Rg5 23. Kh2 Bc5 24. b4 Bb6 25. fxe6 dxe6 26. Nf2 Kg7 27. Nh3 Be3 28. Be2 Bxf4 29. Nxf4 Bxe4 30. c4 bxc4 31. Bxc4 Bg6 32. Be2 Qe3 33. a4 Kh6 34. Bf3 e5 35. Nd5 Qf2 36. Nxf6 Qe3 37. Ng4+ Rxg4 38. Bxg4 Qb3 39. Bxh5 Bxh5 40. g4 Qxa4 1-0

[Event "Pardubice KB op"]
[Site "Pardubice"]
[Date "1999.07.17"]
[Round "2"]
[White "Jirovsky, Milos"]
[Black "Kolotilin, Yuri"]
[Result "1/2-1/2"]
[WhiteElo "2458"]
[BlackElo "2334"]
[PlyCount "106"]
[EventDate "1999.07.11"]
[EventType "swiss"]
[EventRounds "9"]
[EventCountry "CZE"]
[SourceTitle "EXT 2000"]
[Source "ChessBase"]
[SourceDate "1999.11.16"]
[SourceVersion "1"]
[SourceVersionDate "1999.11.16"]
[SourceQuality "1"]

1. Nf3 f5 2. d4 Nf6 3. g3 g6 4. c3 Bg7 5. Qb3 e6 6. Bg2 Nc6 7. 0-0 b6 8. Ne5 Na5 9. Qa4 Bb7 10. f3 0-0 11. b4 Nc6 12. Bg5 Qc8 13. Nd3 Nd8 14. Bxf6 Bxf6 15. Nd2 Nf7 16. e4 Bg5 17. f4 Be7 18. Rfe1 fxe4 19. Nxe4 Nd6 20. Ne5 Bxe4 21. Bxe4 Nxe4 22. Rxe4 c6 23. Rae1 b5 24. Qb3 a5 25. a3 axb4 26. axb4 Bf6 27. Nd3 Ra7 28. Nc5 Kg7 29. R4e2 Qa8 30. Qc2 Rf7 31. h4 h5 32. Kh2 Be7 33. Nd3 Rf5 34. Ne5 Bf6 35. Qe4 Bxe5 36. dxe5 Rf7 37. Rg2 Ra2 38. Ree2 Rxe2 39. Qxe2 Qa1 40. Qb2 Qf1 41. Rd2 Qe1 42. Rd4 g5 43. hxg5 h4 44. Qg2 Qxc3 45. Re4 hxg3+ 46. Kh3 Kg6 47. Kg4 Rh7 48. Qf1 Qc2 49. Re2 Qf5+ 50. Kxg3 Qd3+ 51. Kg4 Qf5+ 52. Kg3 Qd3+ 53. Kg4 Qf5+ 1/2-1/2